Noticias de Actualidad Jurd̕ica

Detalles Bibliográficos
Autor Corporativo: Přez-Llorca (Firma)
Formato: Desconocido
Lenguaje:español
Publicado: [Přez-LLorca] : Přez-Llorca
Materias:
Acceso en línea:Acceso restringido

MARC

LEADER 00000ny a22000003n 4500
005 20110509104634.0
008 080925s20029999sp zr s 000 a0spa c
035 |a 131 
040 |a UMA.RE  |d vlex 
080 |a 347.7(460)(061) 
080 |a 347.73(460)(051) 
080 |a 351.713(460)(051) 
090 |c 1431  |d 1431 
245 0 0 |a Noticias de Actualidad Jurd̕ica  |h [Recurso electrn̤ico]  |c Přez Llorca 
256 |a Servicio en ln̕ea 
260 |a [Přez-LLorca] :  |b Přez-Llorca 
310 |a 11 nm︢s. al aǫ 
506 1 |a Contenido solo disponible en los productos indicados  |d vLex Global  |d vLex Global (Academic Edition, excluding Law Schools)  |d vLex Global (U.S. Academic Edition, Law Schools)  |d vLex Global (U.S. Academic Edition, excluding Law Schools)  |d vLex Global (Academic Edition, Law Schools) 
650 0 7 |a Derecho bancario   |2 Tesauro vLex 
650 0 7 |a Avalistas  |2 Tesauro vLex 
650 0 7 |a Garanta̕s y avales  |2 Tesauro vLex 
710 2 |a Přez-Llorca (Firma) 
740 0 |a vLex Revista (Servicios en ln̕ea) 
853 |8 1  |i (year)  |j (month)  |k (day) 
856 4 0 |u http://vlex.com/source/131  |z Acceso restringido 
942 |c REV